| 000 | 00393nam a22001217a 4500 | ||
|---|---|---|---|
| 008 | 230605b xxu||||| |||| 00| 0 eng d | ||
| 082 |
_a328.7305 _bSUL |
||
| 100 |
_cJohn N. Sullivan _d2009 |
||
| 245 |
_aLegislative Reorganization Acts Voll III _bRules of the House Representatives U.S Congress 2008 |
||
| 260 |
_aWashington _bU. S Government Printing Office |
||
| 300 | _a1438 p | ||
| 942 |
_2ddc _cBK |
||
| 999 |
_c424 _d424 |
||